[Event "Match"]
[Site "www.echecsemail.com"]
[Date "2016.10.24"]
[Round "1"]
[White "Godrad"]
[Black "Mdesouza"]
[WhiteElo "1809"]
[BlackElo "2330"]
[Result "1-0"]
[Round "1"]
1.e4 e6
2.d4 d5
3.Nb1c3 Ng8f6
4.Bc1g5 Bf8b4
5.e5 h6
6.Bg5d2 Bb4xc3
7.bxc3 Nf6e4
8.Qd1g4 g6
9.Bf1d3 Ne4xd2
10.Kxd2 c5
11.h4 Nb8c6
12.Qg4f4 Bc8d7
13.Ng1f3 Qd8e7
14.h5 g5
15.Qf4f6 Qe7xf6
16.exf6 Ra8c8
17.Bd3b5 Nc6b8
18.a4 a6
19.Bb5e2 Bd7c6
20.Nf3e5 Nb8d7
21.Ne5xd7 Kxd7
22.dxc5 e5
23.Be2g4 Kc7
24.Bg4xc8 Rh8xc8
25.Rh1e1 Rc8e8
26.Re1e2 Re8e6
27.f3 Kd7
28.c4 dxc4
29.Kc3 a5
30.Ra1e1 e4
31.fxe4 Re6xf6
32.e5 Rf6e6
33.Re1d1 Ke7
34.Kxc4 Bc6xa4
35.Rd1a1 Ba4c6
36.Ra1xa5 f6
37.Kd4 Kf7
38.Ra5a8 fxe5
39.Re2xe5 Re6f6
40.Ra8h8 Rf6f4
41.Kc3 Kg7
42.Rh8d8 Rf4h4
43.g4 Rh4xg4
44.Rd8d6 Rg4e4
45.Re5xe4 Bc6xe4
46.Kd4 Be4f3
47.Ke5 Kh7
48.Rd6d7 Kg8
49.Kf6 Bf3c6
50.Rd7g7 Kh8
51.Kg6 g4
52.Kxh6 Bc6f3
53.c4 Bf3c6
54.Rg7xg4 { resign }
1-0

[Event "Match"]
[Site "www.echecsemail.com"]
[Date "2016.10.24"]
[Round "1"]
[White "Whitekknight"]
[Black "Coraza8091"]
[WhiteElo "1970"]
[BlackElo "1490"]
[Result "1-0"]
[Round "1"]
1.e4 e5
2.Ng1f3 Nb8c6
3.Bf1c4 h6
4.Nb1c3 Bf8c5
5.O-O d6
6.h3 Bc8e6
7.Nc3d5 Be6xd5
8.Bc4xd5 Qd8d7
9.d3 O-O-O
{ time. }
1-0

[Event "Match"]
[Site "www.echecsemail.com"]
[Date "2016.10.24"]
[Round "1"]
[White "Ditto"]
[Black "Azorau"]
[WhiteElo "1920"]
[BlackElo "2020"]
[Result "1-0"]
[Round "1"]
1.e4 e5
2.Ng1f3 Nb8c6
3.Bf1c4 h6
4.d3 Bf8b4
5.c3 Bb4c5
6.O-O b6
7.Nb1d2 Ng8f6
8.a3 O-O
9.Nd2b3 d6
10.Nb3d2 Bc8g4
11.Bc4b5 Bg4xf3
12.Nd2xf3 Nc6e7
13.Nf3d2 c6
14.Bb5a4 b5
15.Ba4b3 Qd8b6
16.Nd2f3 Nf6g4
17.d4 exd4
18.cxd4 Ra8d8
19.Bb3c2 Ng4xh2
20.Nf3xh2 Bc5xd4
21.Nh2f3 d5
22.e5 Ne7g6
23.Qd1d3 Bd4c5
24.Nf3h4 Bc5e7
25.Nh4xg6 Rf8e8
26.Ng6xe7 Kf8
27.Bc1e3 Qb6c7
28.Ne7f5 Re8xe5
29.Nf5d4 a6
30.Qd3h7 f6
31.Be3f4 c5
32.Nd4f3 Rd8e8
33.Bf4xe5 fxe5
34.Bc2g6 Re8d8
35.Qh7h8 Ke7
36.Qh8xg7 Kd6
37.Qg7xe5 Kc6
38.Ra1c1 Qc7d7
39.Nf3d4 Kb6
40.Qe5e6 Kc7
41.Qe6xd7 Rd8xd7
42.Nd4e6 Kd6
43.Ne6xc5 Rd7g7
44.Bg6h5 Rg7g5
45.g4 d4
46.Nc5e4 Ke5
47.Ne4xg5 hxg5
48.Rc1c5 Kf4
49.f3 d3
50.Kf2 d2
51.Rc5f5 { resign }
1-0

[Event "1/4 Finale"]
[Site "www.chess-mail.com"]
[Date "2016.10.24"]
[Round "1"]
[White "Echo314"]
[Black "Fjpv"]
[WhiteElo "2830"]
[BlackElo "2690"]
[Result "1-0"]
[Round "1"]
1.e4 e5
2.Ng1f3 Ng8f6
3.d4 Nf6xe4
4.Bf1d3 d5
5.Nf3xe5 Nb8d7
6.Ne5xd7 Bc8xd7
7.O-O Bf8d6
8.c4 c6
9.cxd5 cxd5
10.Nb1c3 Ne4xc3
11.bxc3 O-O
12.Qd1h5 f5
13.Qh5f3 Kh8
14.Bc1d2 Qd8c7
15.h3 Bd7c6
16.Rf1e1 g6
17.Bd2h6 Rf8e8
18.h4 Bd6h2
19.Kf1 Bh2d6
20.h5 Qc7f7
21.g3 Kg8
22.Bh6f4 Bd6xf4
23.Qf3xf4 Ra8c8
24.Kg2 Re8xe1
25.Ra1xe1 Rc8f8
26.Re1e5 Rf8e8
27.Re5xe8 Qf7xe8
28.Qf4c7 Qe8f8
29.a4 Qf8f7
30.Qc7b8 Kg7
31.Qb8xa7 gxh5
32.a5 h4
33.Qa7b8 hxg3
34.fxg3 Qf7e6
35.Kf2 h6
36.Qb8e5 Kf7
37.Bd3xf5 Qe6f6
38.Qe5xf6 Kxf6
39.Bf5c8 Ke7
40.Kf3 Kd8
41.Bc8g4 Kc7
42.Kf4 Kd6
43.Bg4c8 Kc7
44.Bc8e6 Kd6
45.Kf5 Bc6e8
46.Be6g8 Be8h5
47.Kf6 Bh5g4
48.Kg6 h5
49.Bg8f7 Kc6
50.Kg5 Bg4d1
51.Bf7xh5 Bd1c2
52.Bh5e2 { resign }
1-0

[Event "Tourn. n8993"]
[Site "www.chess-mail.com"]
[Date "2016.10.25"]
[Round "1"]
[White "Prize640"]
[Black "Vasylpuzanov"]
[WhiteElo "1799"]
[BlackElo "1710"]
[Result "1-0"]
[Round "1"]
1.e4 e5
2.Ng1f3 Nb8c6
3.Bf1c4 Ng8f6
4.d3 Bf8c5
5.c3 d6
6.Bc4b3 O-O
7.a4 a6
8.O-O Bc8g4
9.Rf1e1 h6
10.Nb1d2 Qd8d7
11.Nd2f1 Bc5a7
12.Bc1e3 Bg4xf3
13.Qd1xf3  { time }
1-0

[Event "Tourn. n8999"]
[Site "www.chess-mail.com"]
[Date "2016.10.25"]
[Round "1"]
[White "Falcoale"]
[Black "Vasylpuzanov"]
[WhiteElo "1640"]
[BlackElo "1680"]
[Result "1-0"]
[Round "1"]
1.e4 e5
2.Ng1f3 Nb8c6
3.d4 exd4
4.Nf3xd4 Bf8c5
5.c3 Ng8e7
6.Bf1c4 O-O
7.Bc1e3 Bc5b6
8.O-O d6
9.a3  { time }
1-0

[Event "Tourn. n9001"]
[Site "www.chess-mail.com"]
[Date "2016.10.25"]
[Round "1"]
[White "Vasylpuzanov"]
[Black "Falcoale"]
[WhiteElo "1680"]
[BlackElo "1640"]
[Result "0-1"]
[Round "1"]
1.e4 c5
2.Ng1f3 Nb8c6
3.d4 cxd4
4.Nf3xd4 Ng8f6
5.Nb1c3 e6
6.Nd4xc6 bxc6
7.Bf1d3 Bc8b7
8.O-O Bf8e7
 { time }
0-1

[Event "Tourn. n9001"]
[Site "www.chess-mail.com"]
[Date "2016.10.25"]
[Round "1"]
[White "Roque1"]
[Black "Hansen"]
[WhiteElo "1650"]
[BlackElo "1610"]
[Result "1-0"]
[Round "1"]
1.e4 d5
2.exd5 Qd8xd5
3.Nb1c3 Qd5e5
4.Bf1e2 Nb8c6
5.Ng1f3 Qe5f6
6.O-O g5
7.d4 g4
8.Nc3d5 Qf6d6
9.Be2c4 gxf3
10.Qd1xf3 f6
11.Qf3h5 Kd8
12.Bc1f4 Qd6d7
13.Bf4xc7 Qd7xc7
14.Nd5xc7 Kxc7
15.Rf1e1 Nc6xd4
16.Ra1d1 Nd4xc2
17.Qh5c5 Kb8
18.Rd1d8 b6
19.Qc5xc8 
1-0

[Event "Tourn. n9004"]
[Site "www.chess-mail.com"]
[Date "2016.10.25"]
[Round "1"]
[White "Attatroll"]
[Black "Luban"]
[WhiteElo "1930"]
[BlackElo "1970"]
[Result "0-1"]
[Round "1"]
1.d4 d5
2.c4 e6
3.e3 Ng8f6
4.Ng1f3 a6
5.c5 a5
6.Bf1d3 b6
7.cxb6 cxb6
8.Bd3b5 Bc8d7
9.Qd1e2 Nb8c6
10.O-O Bf8d6
11.Nb1c3 O-O
12.Bc1d2 Nf6e4
13.Nc3xe4 dxe4
14.Nf3e1 f5
15.Ne1c2 Qd8e7
16.Bd2c3 Rf8d8
17.a3 Nc6a7
18.Bb5xd7 Qe7xd7
19.Ra1c1 Na7b5
20.Nc2a1 Ra8c8
21.Na1b3 Nb5xc3
22.Rc1xc3 Rc8xc3
23.bxc3 Bd6xa3
24.Rf1b1 Ba3d6
25.Nb3d2 Qd7c7
26.Qe2b5 Bd6xh2
27.Kh1 Qc7xc3
28.Qb5xb6 Bh2c7
29.Qb6xe6 Kh8
30.Nd2b3 a4
31.Nb3c5 Qc3c2
32.Rb1g1 Qc2xf2
33.Rg1b1 Qf2h4
34.Kg1 Qh4h2
35.Kf1 Qh2h1
36.Kf2 Qh1xb1
37.Nc5d7 Qb1c2
38.Kg1 Bc7g3
39.Kf1 Qc2f2

0-1

[Event "Tourn. n9008"]
[Site "www.chess-mail.com"]
[Date "2016.10.25"]
[Round "1"]
[White "Libiesse"]
[Black "Jackbauer"]
[WhiteElo "1960"]
[BlackElo "1940"]
[Result "1-0"]
[Round "1"]
1.d4 d5
2.c4 e5
3.dxe5 d4
4.Ng1f3 c5
5.e3 Nb8c6
6.exd4 cxd4
7.Bf1d3 Bc8g4
8.Bc1f4 Bf8b4
9.Nb1d2 Bg4xf3
10.Qd1xf3 Bb4xd2
11.Kxd2 Qd8a5
12.Kd1 Ng8e7
13.Rh1e1 Ra8d8
14.Qf3g3 g6
15.e6 f5
16.Bf4c7 { resign }
1-0

[Event "Tourn. n8967"]
[Site "www.chess-mail.com"]
[Date "2016.10.25"]
[Round "1"]
[White "Vasylpuzanov"]
[Black "Xkafi"]
[WhiteElo "1820"]
[BlackElo "1920"]
[Result "0-1"]
[Round "1"]
1.e4 e5
2.Ng1f3 Qd8f6
3.Nb1c3 c6
4.Bf1e2 Bf8c5
5.d3 h6
6.Bc1e3 Bc5b4
7.O-O d6
8.h3 Qf6g6
9.Kh1 Ng8f6
10.Nf3d2 b5
11.f4 exf4
12.Be3xf4 Nb8d7
13.a3 Bb4c5
14.Nd2f3 Nf6h5
15.Bf4h2 Bc5e3
16.Qd1e1 Nh5f4
 { time }
0-1

[Event "Tourn. n9007"]
[Site "www.chess-mail.com"]
[Date "2016.10.25"]
[Round "1"]
[White "Redabond"]
[Black "Mao"]
[WhiteElo "1660"]
[BlackElo "1700"]
[Result "0-1"]
[Round "1"]
1.d4 Ng8f6
2.Bc1f4 d6
3.Nb1c3 Nb8c6
4.Ng1f3 Bc8g4
5.h3 Bg4xf3
6.exf3 e5
7.dxe5 dxe5
8.Qd1xd8 Ra8xd8
9.Bf4g5 Bf8e7
10.Bf1d3 O-O
11.O-O Rf8e8
12.Rf1e1 h6
13.Bg5e3 Be7b4
14.a3 Bb4a5
15.b4 Ba5b6
16.Be3xb6 axb6
17.Bd3b5 Nf6d5
18.Nc3xd5 Rd8xd5
19.Bb5xc6 bxc6
20.f4 e4
21.f3 e3
22.Ra1b1 Rd5d2
23.Rb1c1 Kh7
24.Re1d1 Re8d8
25.Rd1xd2 Rd8xd2
26.Kf1 Kg6
27.a4 Kf5
28.c3 Kxf4
{ resign }
0-1

[Event "Tourn. n8990"]
[Site "www.chess-mail.com"]
[Date "2016.10.25"]
[Round "1"]
[White "Madz123456"]
[Black "Mao"]
[WhiteElo "1670"]
[BlackElo "1690"]
[Result "0-1"]
[Round "1"]
1.e4 c5
2.Bf1e2 d6
3.d4 cxd4
4.Qd1xd4 Nb8c6
5.Qd4d3 Ng8f6
6.Ng1f3 e5
7.O-O Bf8e7
8.c4 O-O
9.Nb1c3 Nc6b4
 { time }
0-1

[Event "Tourn. n9023"]
[Site "www.chess-mail.com"]
[Date "2016.10.25"]
[Round "1"]
[White "Norlavuaram"]
[Black "Panham"]
[WhiteElo "2210"]
[BlackElo "2190"]
[Result "1-0"]
[Round "1"]
1.e4 e5
2.Ng1f3 Nb8c6
3.Bf1b5 a6
4.Bb5a4 d6
5.c3 Bc8d7
6.O-O Ng8f6
7.Rf1e1 Bf8e7
8.h3 O-O
9.d4 b5
10.Ba4b3 h6
11.Nb1d2 exd4
12.cxd4 Nc6a5
13.Bb3c2 Nf6h7
14.Qd1e2 Nh7g5
15.e5 d5
16.Qe2d3 c5
17.Nf3xg5 { resign }
1-0

[Event "Tourn. n8884"]
[Site "www.chess-mail.com"]
[Date "2016.10.25"]
[Round "1"]
[White "Azulmarino"]
[Black "Ditto"]
[WhiteElo "1610"]
[BlackElo "1920"]
[Result "0-1"]
[Round "1"]
1.e4 e5
2.Ng1f3 Nb8c6
3.Nb1c3 Bf8c5
4.a3 d6
5.Bf1c4 Bc8g4
6.Bc4e2 Ng8f6
7.d3 O-O
8.Bc1g5 Nc6b8
9.Nc3d5 Nb8d7
10.h3 Bg4e6
11.Qd1d2 c6
12.Nd5xf6 Nd7xf6
13.Bg5h6 Kh8
14.Nf3g5 gxh6
15.Ng5f3 Rf8g8
16.Qd2xh6 Rg8g6
17.Qh6d2 Qd8b6
18.O-O Nf6h5
19.Nf3g5 Nh5f4
20.Ng5f3 Be6xh3
21.Nf3h4 Rg6g7
22.Be2f3 Qb6d8
23.Nh4f5 Rg7g6
24.Rf1e1 Bh3xf5
25.exf5 Rg6g7
26.g3 Qd8h4
27.Bf3g2 Qh4g5
28.b4 Bc5b6
29.Bg2e4 Nf4h3
30.Kg2 Qg5xd2
31.Kxh3 Bb6xf2
32.Re1d1 Rg7xg3
{ resign }
0-1

[Event "Tourn. n8962"]
[Site "www.chess-mail.com"]
[Date "2016.10.25"]
[Round "1"]
[White "Mao"]
[Black "Falcoale"]
[WhiteElo "1620"]
[BlackElo "1570"]
[Result "0-1"]
[Round "1"]
1.e4 c5
2.Ng1f3 e6
3.d4 Ng8f6
4.Nb1c3 b6
5.Bc1g5 h6
6.Bg5h4 Bf8e7
7.Bf1c4 a6
8.dxc5 b5
9.Bc4b3 b4
10.Bh4xf6 Be7xf6
11.e5 Bf6e7
12.Nc3e4 Bc8b7
13.Ne4d6 Be7xd6
14.cxd6 O-O
15.O-O Nb8c6
16.Rf1e1 Nc6a5
17.Qd1d2 Bb7xf3
18.gxf3 Qd8h4
19.Qd2e3 Na5xb3
20.axb3 f5
21.Qe3b6 Qh4h3
22.Qb6xb4 Qh3xf3
23.Qb4b6 Qf3g4
24.Kh1 f4
25.Ra1xa6 Qg4f3
26.Kg1 Ra8xa6
27.Qb6xa6 Qf3g4
28.Kh1 Rf8f5
29.Qa6c8 Kh7
30.Qc8xd7 Qg4f3
31.Kg1 Rf5g5
32.Kf1 Qf3h1
33.Ke2 Rg5xe5
{ resign }
0-1

[Event "Tourn. n9023"]
[Site "www.chess-mail.com"]
[Date "2016.10.25"]
[Round "1"]
[White "Guidom"]
[Black "Panham"]
[WhiteElo "2170"]
[BlackElo "2190"]
[Result "0-1"]
[Round "1"]
1.e4 e5
2.Ng1f3 Nb8c6
3.Bf1b5 a6
4.Bb5a4 Ng8f6
5.O-O Nf6xe4
6.Rf1e1 Ne4c5
7.Nf3xe5 Nc6xe5
8.Re1xe5 Bf8e7
9.Ba4b3 O-O
10.d4 Nc5xb3
11.axb3 d5
12.c3 Be7d6
13.Re5e1 Bc8f5
14.Bc1e3 c6
15.Nb1d2 Qd8c7
16.h3 Rf8e8
17.Qd1f3 Bf5g6
18.Be3g5 h6
19.Bg5h4 Bg6h7
20.b4 Qc7d7
21.Nd2b3 b6
22.Re1xe8 Ra8xe8
23.Ra1xa6 Re8e1
{ resign }
0-1

[Event "Match"]
[Site "www.echecsemail.com"]
[Date "2016.10.25"]
[Round "1"]
[White "Pellix84"]
[Black "Ericleo1980"]
[WhiteElo "1970"]
[BlackElo "2240"]
[Result "0-1"]
[Round "1"]
1.d4 d5
2.c4 c6
3.Ng1f3 Ng8f6
4.Nb1c3 e6
5.g3 Nb8d7
6.Bf1g2 Bf8d6
7.O-O h6
8.Rf1e1 O-O
9.e4 dxe4
10.Nc3xe4 Nf6xe4
11.Re1xe4 Nd7f6
12.Re4h4 Rf8e8
13.Nf3e5 Bd6xe5
{ resign }
0-1

[Event "Match"]
[Site "www.echecsemail.com"]
[Date "2016.10.25"]
[Round "1"]
[White "Coraza"]
[Black "Silent1"]
[WhiteElo "1820"]
[BlackElo "1880"]
[Result "1/2-1/2"]
[Round "1"]
1.Ng1f3 d5
2.d4 Ng8f6
3.Bc1g5 e6
4.a3 Nb8d7
5.e4 h6
6.Bg5f4 Nf6xe4
7.Bf1d3 Nd7f6
8.Bd3xe4 Nf6xe4
9.O-O Bf8d6
10.Bf4e5 Ne4f6
11.Be5xd6 Qd8xd6
12.Rf1e1 O-O
13.Nb1d2 b6
14.c4 c6
15.b4 dxc4
16.Nd2xc4 Qd6d5
17.Ra1c1 Bc8b7
18.Nc4e3 Qd5d8
19.Ne3c4 Nf6d5
20.Nc4e5 Ra8c8
21.Qd1a4 Nd5f4
22.Qa4xa7 Qd8c7
23.Qa7a4 Rc8a8
24.Qa4b3 b5
25.Qb3e3 Nf4d5
26.Qe3d2 Ra8xa3
27.Qd2b2 Ra3a4
28.Rc1b1 Ra4xb4
29.Qb2c2 Rb4xb1
30.Re1xb1 Rf8a8
31.Qc2c1 Ra8a5
32.Ne5g4 Nd5f4
33.Qc1e3 Nf4g6
34.h4 Qc7d6
35.g3 Qd6d5
36.Rb1c1 Ng6e7
37.Rc1c5 Qd5d8
38.Ng4e5 Ne7d5
39.Qe3e1 Ra5a6
40.Qe1e4 Nd5f6
41.Qe4e3 Nf6d5
42.Qe3d2 Nd5e7
43.Qd2f4 Ra6a1
44.Kg2 Qd8e8
45.Ne5g4 Ne7d5
46.Qf4d2 Qe8d8
47.Ng4xh6 gxh6
48.Qd2xh6 Qd8f8
49.Qh6g5 Qf8g7
50.Qg5d8 Qg7f8
51.Qd8g5 Qf8g7
52.Qg5d8 { draw }
1/2-1/2

[Event "Match"]
[Site "www.echecsemail.com"]
[Date "2016.10.25"]
[Round "1"]
[White "Paco"]
[Black "Manuelito"]
[WhiteElo "1890"]
[BlackElo "1599"]
[Result "0-1"]
[Round "1"]
1.e4 e5
2.Ng1f3 d6
3.Bf1c4 f5
4.d3 Nb8c6
5.Bc1g5 Bf8e7
6.h4 fxe4
7.dxe4 Be7xg5
8.Nf3xg5 Qd8e7
9.Ng5f7 Bc8e6
10.Bc4xe6 Qe7xe6
11.Nf7xh8 Ng8f6
12.Nb1c3 Kd7
13.Nh8f7 Qe6xf7
14.Qd1d3 h5
15.O-O-O Nc6b4
16.Qd3b5 Nb4c6
17.Qb5xb7 Ra8b8
18.Qb7a6 Rb8b6
19.Qa6d3 Nc6b4
20.Qd3h3 Kd8
21.Qh3g3 { time. }
0-1

[Event "Match"]
[Site "www.echecsemail.com"]
[Date "2016.10.25"]
[Round "1"]
[White "Manuelito"]
[Black "Pariolinius"]
[WhiteElo "1599"]
[BlackElo "1830"]
[Result "1-0"]
[Round "1"]
1.d4 d5
2.e3 Ng8f6
3.Ng1f3 Nb8c6
4.c4 Bc8f5
5.Bf1e2 e6
6.Nb1c3 Bf8b4
7.O-O O-O
8.cxd5 exd5
9.Be2d3 Bf5g4
10.h3 Bg4h5
11.g4 Bh5g6
12.Bd3xg6 hxg6
13.Bc1d2 Qd8d7
14.Nf3e5 Nc6xe5
15.dxe5 Nf6e4
16.Nc3xe4 Bb4xd2
17.Ne4xd2 Qd7e6
18.f4 Ra8d8
19.Nd2f3 c5
20.Qd1b3 b6
21.Ra1d1 Rd8d7
22.Rf1e1 Qe6c6
23.Kg2 b5
24.Kg3 c4
25.Qb3c3 Qc6c5
26.Qc3d4 Qc5c6
27.Rd1c1 Qc6a6
28.a3 Qa6b7
29.Nf3g5 Rf8e8
30.Re1d1 Re8d8
31.Qd4c5 Rd8c8
32.Qc5d4 a5
33.h4 b4
34.e6 fxe6
35.Ng5xe6 Rc8e8
36.Ne6c5 Qb7c8
37.Nc5xd7 Qc8xd7
38.Kf3 Re8d8
39.Rc1xc4 Kf7
40.Rc4c5 Ke6
41.Qd4e5 Kf7
42.Rc5xd5 { resign }
1-0

[Event "Match"]
[Site "www.echecsemail.com"]
[Date "2016.10.25"]
[Round "1"]
[White "Genius2"]
[Black "Pwain"]
[WhiteElo "1720"]
[BlackElo "2360"]
[Result "0-1"]
[Round "1"]
1.b3 e5
2.Bc1b2 Nb8c6
3.e3 Ng8f6
4.Bf1b5 e4
5.Ng1e2 a6
6.Bb5xc6 dxc6
7.d4 Bc8g4
8.Qd1d2 Bg4xe2
9.Qd2xe2 Bf8b4
10.c3 Bb4e7
11.O-O O-O
12.Nb1d2 Rf8e8
13.c4 { time. }
0-1

[Event "Match"]
[Site "www.echecsemail.com"]
[Date "2016.10.25"]
[Round "1"]
[White "Ditto"]
[Black "Genius2"]
[WhiteElo "1780"]
[BlackElo "1720"]
[Result "1-0"]
[Round "1"]
1.d4 f5
2.Ng1f3 Ng8f6
3.Bc1g5 e6
4.e3 Bf8e7
5.Bf1c4 O-O
6.O-O Nf6e4
7.Bg5f4 d5
8.Bc4d3 c5
9.c4 Nb8c6
10.cxd5 exd5
11.Nb1d2 cxd4
12.exd4 Nc6b4
{ time. }
1-0

[Event "Match"]
[Site "www.echecsemail.com"]
[Date "2016.10.25"]
[Round "1"]
[White "Genius5"]
[Black "Mdesouza"]
[WhiteElo "1620"]
[BlackElo "2380"]
[Result "0-1"]
[Round "1"]
1.e4 e5
2.Nb1c3 Ng8f6
3.g3 d5
4.exd5 Nf6xd5
5.Bf1g2 Bc8e6
6.Ng1e2 Nb8c6
7.O-O Bf8e7
8.Nc3xd5 Be6xd5
9.Bg2xd5 Qd8xd5
10.Ne2c3 Qd5d7
11.d3 h5
12.Bc1e3 h4
13.Qd1d2 { time. }
0-1

[Event "1/64 Finale"]
[Site "www.chess-mail.com"]
[Date "2016.10.25"]
[Round "1"]
[White "Sachpat"]
[Black "Bronstein70"]
[WhiteElo "2450"]
[BlackElo "2230"]
[Result "1-0"]
[Round "1"]
1.e4 e5
2.Ng1f3 Nb8c6
3.Bf1b5 Ng8f6
4.O-O a6
5.Bb5a4 Bf8c5
6.c3 O-O
7.d4 Bc5a7
8.Rf1e1 b5
9.Ba4c2 d6
10.h3 Bc8b7
11.a3 Rf8e8
12.Bc1e3 exd4
13.cxd4 Nc6a5
14.Nb1c3 Na5c4
15.Be3c1 c5
16.d5 Qd8e7
17.Ra1b1 b4
18.Nc3e2 bxa3
19.bxa3 Ra8b8
20.Ne2g3 g6
21.Qd1d3 Nc4e5
22.Nf3xe5 Qe7xe5
23.Qd3f3 Nf6d7
24.Ng3f5 gxf5
25.Bc1b2 { resign }
1-0

[Event "Eq:Latinoamerica-Los Tercios : "]
[Site "www.chess-mail.com"]
[Date "2016.10.25"]
[Round "1"]
[White "Pimpampum"]
[Black "Stevefillion"]
[WhiteElo "2190"]
[BlackElo "2350"]
[Result "1/2-1/2"]
[Round "1"]
1.Ng1f3 Ng8f6
2.c4 c6
3.Nb1c3 d5
4.cxd5 cxd5
5.d4 Nb8c6
6.Bc1f4 Bc8f5
7.Qd1b3 Nc6a5
8.Qb3a4 Bf5d7
9.Qa4c2 Ra8c8
10.e3 e6
11.Bf1d3 Na5c4
12.O-O Bf8d6
13.Bf4xd6 Nc4xd6
14.Qc2b3 O-O
15.Nf3e5 Qd8a5
16.Rf1c1 Rc8c7
17.Ne5xd7 Nf6xd7
18.Nc3b5 Nd6xb5
19.Bd3xb5 Rf8c8
20.Rc1xc7 Qa5xc7
21.h3 g6
22.Qb3a4 Nd7b6
23.Qa4a5 a6
24.Bb5d3 Qc7c6
25.Qa5b4 Kg7
26.Kf1 Nb6c4
27.Bd3xc4 Qc6xc4
28.Qb4xc4 Rc8xc4
29.Ra1e1 Rc4c2
{ draw }
1/2-1/2

[Event "Fast Game"]
[Site "www.echecsemail.com"]
[Date "2016.10.25"]
[Round "1"]
[White "Mitja"]
[Black "Sportuga"]
[WhiteElo "1760"]
[BlackElo "1939"]
[Result "0-1"]
[Round "1"]
1.d4 Ng8f6
2.e3 g6
3.c3 d5
4.h3 Bf8g7
5.Ng1f3 O-O
6.Bf1d3 Nb8d7
7.Bd3c2 Rf8e8
8.O-O c5
9.dxc5 Nd7xc5
10.Nb1d2 b5
11.Nd2b3 Nc5xb3
12.Bc2xb3 e6
13.Bb3c2 Bc8b7
14.b3 Ra8c8
15.Bc1b2 Nf6d7
16.Qd1d3 a6
17.Rf1d1 Qd8c7
18.Rd1c1 b4
19.Bc2d1 bxc3
20.Bb2a3 Qc7a5
21.Ba3d6 e5
22.b4 Qa5b6
23.Bd6c5 Nd7xc5
24.bxc5 Qb6xc5
25.Qd3c2 d4
26.Qc2d3 e4
{ resign }
0-1

[Event "Tourn. n9012"]
[Site "www.chess-mail.com"]
[Date "2016.10.26"]
[Round "1"]
[White "Francesco"]
[Black "Attatroll"]
[WhiteElo "1960"]
[BlackElo "1950"]
[Result "1-0"]
[Round "1"]
1.d4 Ng8f6
2.c4 e6
3.Nb1c3 Bf8b4
4.Bc1g5 h6
5.Bg5h4 O-O
6.e3 d5
7.Ng1f3 c6
8.a3 Bb4xc3
9.bxc3 Nb8d7
10.cxd5 exd5
11.c4 dxc4
12.Bf1xc4 Qd8a5
13.Qd1d2 Qa5a4
14.Bc4d3 Nf6d5
15.O-O Nd7f6
16.Rf1b1 b5
17.Nf3e5 Bc8b7
18.Qd2c2 Qa4xc2
19.Bd3xc2 Nd5c3
20.Rb1b3 Nc3d5
21.Ra1c1 Rf8e8
22.Bc2f5 Ra8c8
23.Bf5xc8 { resign }
1-0

[Event "Tourn. n8921"]
[Site "www.chess-mail.com"]
[Date "2016.10.26"]
[Round "1"]
[White "Senitram"]
[Black "Conde7"]
[WhiteElo "2720"]
[BlackElo "2870"]
[Result "1/2-1/2"]
[Round "1"]
1.Ng1f3 d5
2.d4 Bc8f5
3.c4 e6
4.Nb1c3 Nb8c6
5.cxd5 exd5
6.Bc1f4 Bf8b4
7.e3 Ng8f6
8.h3 Nf6e4
9.Qd1b3 O-O
10.Bf1e2 b6
11.O-O Bb4xc3
12.bxc3 Nc6a5
13.Qb3b4 Ra8c8
14.Be2a6 Rc8a8
15.Rf1d1 c6
16.Ba6d3 Rf8e8
17.Ra1c1 b5
18.a4 a6
19.axb5 cxb5
20.Rd1e1 Re8e6
21.Rc1a1 Na5c4
22.Nf3e5 h6
23.Bd3xe4 Bf5xe4
24.Ne5xc4 bxc4
25.f3 a5
26.Qb4c5 Be4d3
27.Bf4c7 Qd8g5
28.Bc7e5 Re6g6
29.Ra1a2 Qg5d8
30.Re1a1 Qd8d7
31.Ra2b2 a4
32.Ra1a3 { draw }
1/2-1/2

[Event "Tourn. n8984"]
[Site "www.chess-mail.com"]
[Date "2016.10.26"]
[Round "1"]
[White "Falcoale"]
[Black "Pariolinius"]
[WhiteElo "1600"]
[BlackElo "1840"]
[Result "1-0"]
[Round "1"]
1.e4 c5
2.Ng1f3 d6
3.d4 cxd4
4.Nf3xd4 Ng8f6
5.Nb1c3 a6
6.Bf1d3 e6
7.O-O Bf8e7
8.f4 Bc8d7
9.b3 O-O
10.Kh1 Nb8c6
11.Nd4xc6 Bd7xc6
12.Qd1e2 Qd8c7
13.Bc1b2 b5
14.e5 dxe5
15.fxe5 Nf6d5
16.Qe2h5 g6
17.Qh5e2 Nd5xc3
18.Bb2xc3 Qc7b7
19.Bc3b2 Ra8d8
20.Rf1e1 Be7h4
21.Re1g1 Bh4g5
22.Ra1b1 h5
23.Qe2f2 Rd8d7
24.Rg1e1 f5
25.Rb1d1 Rf8d8
26.Qf2g3 { resign }
1-0

[Event "Tourn. n8974"]
[Site "www.chess-mail.com"]
[Date "2016.10.26"]
[Round "1"]
[White "Vasylpuzanov"]
[Black "Madz123456"]
[WhiteElo "1740"]
[BlackElo "1650"]
[Result "1-0"]
[Round "1"]
1.e4 e6
2.d4 d5
3.Nb1c3 Bf8b4
4.e5 Ng8e7
5.Bc1g5 O-O
6.Bf1d3 c5
7.dxc5 h6
8.Bg5h4 Nb8c6
9.f4  { time }
1-0

[Event "Tourn. n9023"]
[Site "www.chess-mail.com"]
[Date "2016.10.26"]
[Round "1"]
[White "Panham"]
[Black "Mitja"]
[WhiteElo "2190"]
[BlackElo "2000"]
[Result "1-0"]
[Round "1"]
1.e4 d5
2.exd5 Qd8xd5
3.Nb1c3 Qd5e5
4.Qd1e2 Qe5xe2
5.Bf1xe2 e6
6.d4 c6
7.Bc1f4 Ng8e7
8.Ng1f3 Ne7g6
9.Bf4g3 b6
10.h4 Bc8b7
11.h5 Ng6e7
12.O-O-O Ne7f5
13.Bg3e5 Nb8d7
14.Be5f4 Nd7f6
15.Nf3e5 Nf6d7
16.Be2f3 Nd7xe5
17.dxe5 h6
18.Nc3b5 cxb5
19.Bf3xb7 Ra8d8
20.Bb7c6 Ke7
21.Bf4d2 { resign }
1-0

[Event "Tourn. n9012"]
[Site "www.chess-mail.com"]
[Date "2016.10.26"]
[Round "1"]
[White "Malbertan"]
[Black "Picifarkinca"]
[WhiteElo "2010"]
[BlackElo "1910"]
[Result "0-1"]
[Round "1"]
1.e4 e5
2.f4 Bf8c5
3.Ng1f3 d6
4.c3 Nb8c6
5.Bf1c4 Ng8f6
6.d4 exd4
7.cxd4 Bc5b4
8.Nb1c3 O-O
9.O-O Bb4xc3
10.bxc3 Nf6xe4
11.Qd1c2 d5
12.Bc4d3 Ne4f6
13.Bc1a3 Rf8e8
14.Nf3g5 h6
15.Ng5xf7 Kxf7
16.Bd3g6 Kg8
17.Bg6xe8 Qd8xe8
18.Ra1e1 Nf6e4
19.Rf1f3 Bc8f5
20.Qc2b3 Qe8d7
21.c4 Ne4d2
22.Qb3xb7 Nd2xf3
23.gxf3 Ra8e8
{ resign }
0-1

[Event "Tourn. n8975"]
[Site "www.chess-mail.com"]
[Date "2016.10.26"]
[Round "1"]
[White "Cal"]
[Black "Madz123456"]
[WhiteElo "1670"]
[BlackElo "1650"]
[Result "1-0"]
[Round "1"]
1.c4 c5
2.Nb1c3 d6
3.e4 Ng8f6
4.Ng1f3 Bc8g4
5.Bf1e2 Nb8c6
6.Nf3h4 Bg4xe2
7.Qd1xe2 g5
8.Nh4f5 e6
9.Nf5g3 h5
10.h3 h4
11.Ng3f1 Nf6h5
12.Nf1e3 Nh5f4
13.Qe2f3 Nc6e5
14.Qf3d1 Ne5d3
15.Kf1 Bf8g7
16.a3  { time }
1-0

[Event "Tourn. n8909"]
[Site "www.chess-mail.com"]
[Date "2016.10.26"]
[Round "1"]
[White "Faerieking"]
[Black "Sachpat"]
[WhiteElo "2230"]
[BlackElo "2310"]
[Result "0-1"]
[Round "1"]
1.e4 c5
2.Ng1f3 d6
3.d4 cxd4
4.Nf3xd4 Ng8f6
5.Nb1c3 a6
6.Bc1g5 e6
7.f4 Qd8b6
8.Qd1d2 Qb6xb2
9.Ra1b1 Qb2a3
10.e5 dxe5
11.fxe5 Nf6d7
12.Nc3e4 Qa3xa2
13.Rb1d1 Qa2d5
14.Qd2e3 Qd5xe5
15.Bf1e2 Bf8c5
16.O-O f5
17.Be2h5 g6
18.Ne4xc5 Qe5xe3
19.Bg5xe3 Nd7xc5
20.Bh5e2 Nb8d7
21.Be2c4 Nd7b6
22.Bc4a2 Nb6a4
23.Be3h6 Na4c3
24.Rd1a1 Bc8d7
25.Rf1e1 Kf7
26.Ba2c4 b5
{ resign }
0-1

[Event "Tourn. n8999"]
[Site "www.chess-mail.com"]
[Date "2016.10.26"]
[Round "1"]
[White "Roohbakhsh"]
[Black "Prize640"]
[WhiteElo "1899"]
[BlackElo "1799"]
[Result "0-1"]
[Round "1"]
1.d4 Ng8f6
2.c4 g6
3.Nb1c3 Bf8g7
4.e4 d6
5.Ng1f3 O-O
6.Bf1e2 e5
7.d5 a5
8.O-O Nb8a6
9.Bc1e3 Nf6g4
10.Qd1d2 Ng4xe3
11.Qd2xe3 Na6c5
12.Rf1b1 a4
13.h3 Bc8d7
14.Nc3b5 Bd7xb5
15.cxb5 b6
16.b4 axb3
17.axb3 Qd8e7
18.b4 Nc5d7
19.Ra1a6 f5
20.Rb1a1 Ra8c8
21.h4 fxe4
22.Qe3xe4 Rf8f4
23.Qe4b1 e4
24.Nf3g5 Bg7xa1
25.Qb1xa1 Qe7e5
26.Qa1xe5 Nd7xe5
27.g3 Rf4f7
28.Ng5xf7 Kxf7
29.Kg2 Ke7
30.f4 exf3
31.Be2xf3 Ne5xf3
32.Kxf3 Kf6
33.Kf4 h6
34.Ra6a3 Rc8e8
35.Ra3c3 Re8e7
36.Rc3c4 Kf7
37.g4 Ke8
38.h5 Re7f7
39.Kg3 gxh5
40.gxh5 Rf7f5
41.Kg4 Rf5xd5
42.Rc4xc7 Rd5xb5
43.Rc7c4 Kd7
44.Rc4f4 Ke6
45.Rf4e4 Rb5e5
46.Re4f4 d5
47.Kh4 Re5e4
48.Kg4 Ke5
49.Rf4xe4 dxe4
{ resign }
0-1

[Event "Tourn. n9023"]
[Site "www.chess-mail.com"]
[Date "2016.10.26"]
[Round "1"]
[White "Norlavuaram"]
[Black "Mitja"]
[WhiteElo "2210"]
[BlackElo "2000"]
[Result "1-0"]
[Round "1"]
1.e4 d5
2.exd5 Qd8xd5
3.Nb1c3 Qd5d8
4.d4 e6
5.Bf1c4 c6
6.Ng1f3 h6
7.O-O b6
8.Rf1e1 Bf8e7
9.Bc1f4 Ng8f6
10.Qd1d2 Bc8b7
11.Ra1d1 O-O
12.a3 Nf6h5
13.Bf4e3 Nh5f6
14.Bc4a2 Rf8e8
15.Nf3e5 Nb8d7
16.Qd2c1 Nf6d5
17.Nc3xd5 cxd5
18.f4 Nd7xe5
19.fxe5 Be7f8
20.c3 f5
21.exf6 Qd8xf6
22.Re1f1 Qf6h4
23.Rf1f3 Re8e7
24.Rd1f1 Re7e8
25.Qc1c2 Qh4e4
26.Qc2f2 Bf8e7
27.Ba2b1 Qe4g4
28.Rf3g3 Qg4h5
29.Rg3h3 Qh5g4
30.Qf2c2 { resign }
1-0